000 00586nam a22002057a 4500
003 OSt
005 20140310181955.0
008 130316t xxu||||| |||| 00| 0 eng d
020 _a081671858X (pbk.)
050 _aPZ 7.G446
_b.T969 1979
082 _aKF Il6t
_b1979
245 _aAdventures of Huckleberry Finn
_cMark Twain ; retold by Joanne Gise ; illustrated by Ray Burns
260 _aNew York :
_bWaldan & Son,
_cc1979.
300 _a 238 p.
_b ill. ;
_c14 cm.
521 _aGrade 4
526 _c640L-780L
541 _j1
562 _e1
942 _2lcc
_cBK-KF
_kKF
999 _c7925
_d7925